Statistics for 2-Letter Picture Chain Link

Click here to take the quiz!

General Stats

  • This quiz has been taken 29 times
  • The average score is 17 of 30

Answer Stats

Answer% Correct
Alligator
96%
Colosseum
96%
Umbrella
88%
Orchestra
84%
Perfume
84%
Jaguar
80%
Ninja
80%
Racehorse
80%
Tiramisu
76%
Labyrinth
72%
Sundial
72%
Hexagon
68%
Medusa
68%
Thimble
68%
Exhaust
64%
Stethoscope
60%
Tabasco
52%
Da Vinci
44%
Lederhosen
44%
Nefertiti
44%
Ontario
44%
Saltshaker
44%
Arc de Triomphe
40%
Regatta
40%
Iodine
32%
Houdini
24%
Enchilada
16%
Semaphore
16%
Erasmus
12%
Circumflex
8%

Score Distribution

Percentile by Number Answered

Percent of People with Each Score

Your Score History

You have not taken this quiz